10 Largest Cities in Estonia - Statistics

General Stats
  • This quiz has been taken 70 times
  • The average score is 4 of 10
Answer Stats
Rank Answer % Correct
1 Tallinn
100%
2 Tartu
75%
3 Narva
69%
4 Parnu
44%
6 Viljandi
38%
5 Kohtla-Jarve
31%
7 Rakvere
31%
9 Kuressaare
25%
8 Maardu
19%
10 Sillamae
13%
No matching quizzes found
Score Distribution
Percent of People with Each Score
Percentile by Number Answered
Your Score History
You have not taken this quiz